000 00987nam a2200253 a 4500
001 81271
003 BD-RjUL
005 20230302100629.0
008 230302s2019 bg a|||| m||| 00| 0 eng d
035 _a(BD-RjUL)81271
040 _aBD-RjUL
_beng
_cBD-RjUL
_dBD-RjUL
041 _aeng
082 _223
_a305.23
_bRAC 2019
100 _aRahman, S. M. Mokhlasur
_97107
245 1 0 _aCHILD PROTECTION IN BANGLADESH :
_bPOLICIES AND IMPLEMENTATIONS /
_cS. M. Mokhlasur Rahman
_6Supervisor: S. M. Akram Ullah,Co-Supervisor : Md. Ruhul Amin
260 _aRajshahi :
_bDepartment of Political Science, University of Rajshahi,
_c2019
300 _a[2], xx, 281leavs :
_bill.;
_c29 cm.
502 _aThesis(Ph.D.)-- Department of Political Science, University of Rajshahi,2019
504 _aBibliography : Leaves 241-258
650 _aYoung people
_xChild welfare
_97108
700 _aUllah, S. M. Akram, Supervisor
_97109
700 _aAmin, Md. Ruhul, Co-Supervisor
_97110
942 _2ddc
_cTHE
999 _c81271
_d81271